| 000 | 003200000a22001330004500 | ||
|---|---|---|---|
| 003 | MACL | ||
| 040 | _aMACL | ||
| 090 |
_c35838 _d35836 |
||
| 100 | _aMishra, D P | ||
| 245 |
_aLiving and Era _bvol 1 India's March to Freedom |
||
| 260 |
_bVikas Publishing House _c1975 |
||
| 650 | _aIndian History | ||
| 942 |
_cBOOK _k954/MIS |
||
| 999 |
_c35458 _d35458 |
||